00631nam a2200205 a 450000500170000000800410001702000180005805000270007610000200010324500880012325000120021126000530022330000340027652100090031065000100031965000150032965000370034465000240038170000200040520140310183453.0090710s19uu xx 00 eng d a9780131354210 aHF 5415.2b.B7787 2008 aBurns, Alvin C. aBasic marketing research :busing microsoft excel data analysis /cAlvin C. Burns.  a2nd ed. aU.S.A :bPearson Education International,c2008. a510 p. :bill. col. ;c26 cm. aBSBA aBSBA. aMarketing. aMicrosoft Excel (Computer file). aMarketing research. aBush, Ronald F.